| 000 | 02784nam1a22007451 4500 | ||
|---|---|---|---|
| 001 | RU\NLR\A1SV\5323 | ||
| 005 | 20260416132403.0 | ||
| 035 | _a(NLR Aleph) 009691245 | ||
| 090 |
_a9736530 _c9736530 |
||
| 100 | _a20260426 rusy50 | ||
| 101 | 0 | _arus | |
| 102 | _aRU | ||
| 200 | 1 |
_aАтеней _eИст.-лит. временник _fПод ред. Б.Л.Модзалевского, Ю.Г.Оксмана и П.Н.Сакулина |
|
| 210 |
_aЛ. _cАтеней _d1924-1926 |
||
| 215 | _d23 см | ||
| 600 | 1 |
_aПушкин _bА.С. _f1799-1837 _gАлександр Сергеевич |
|
| 600 | 1 |
_aЛермонтов _bМ.Ю. _f1814-1841 _gМихаил Юрьевич |
|
| 600 | 1 |
_aДостоевский _bФ.М. _f1821-1881 _gФедор Михайлович |
|
| 600 | 1 |
_aБатюшков _bФ.Д. _f1857-1920 _gФедор Дмитриевич |
|
| 620 | _dСанкт-Петербург | ||
| 702 | 1 |
_aМодзалевский _bБ.Л. _f1874-1928 _gБорис Львович |
|
| 702 | 1 |
_aОксман _bЮ.Г. _f1895-1970 _gЮлиан Григорьевич |
|
| 702 | 1 |
_aСакулин _bП.Н. _f1868-1930 _gПавел Никитич |
|
| 702 | 1 |
_aПушкин _bА. С. _cпоэт _f1799-1837 _gАлександр Сергеевич _3RU\NLR\AUTH\77386 |
|
| 702 | 1 |
_aГершензон _bМ.О. _f1869-1925 _gМихаил Осипович |
|
| 702 | 1 |
_aПиксанов _bН.К. _f1878-1969 _gНиколай Кирьякович |
|
| 702 | 1 |
_aКомарович _bВ.Л. _f1894-1942 _gВасилий Леонидович |
|
| 702 | 1 |
_aЭйхенбаум _bБ.М. _f1886-1959 _gБорис Михайлович |
|
| 702 | 1 |
_aСмирнов _bА.А. _f1883-1962 _gАлександр Александрович |
|
| 702 | 1 |
_6z01790 _aНечаева _bВ.С. _f1895-1979 _gВера Степановна _4070 |
|
| 790 | 1 |
_6z01702 _aНечаева _bД.Н. |
|
| 801 | 0 |
_aRU _bNLR _c19980621 |
|
| 852 |
_aNLR _j38.77.8.254 |
||
| 852 |
_aNLR _jМф К-1/14666 |
||
| 899 | _aГМЗЦС | ||
| 899 |
_aБОУНБ _z(Кн.3) |
||
| 899 |
_aOIK _z(Кн.1-2) |
||
| 899 | _aSLK | ||
| 899 | _aГОПБ | ||
| 899 | _aКирОУНБ | ||
| 899 |
_aНБ РК _z(Кн.3) |
||
| 899 | _aNLI | ||
| 899 | _aOU | ||
| 899 | _aРКП | ||
| 899 | _aМГУ | ||
| 899 | _aОДУ | ||
| 899 | _aULL | ||
| 899 |
_aННБ РСО _z(Кн.1-2) |
||
| 899 | _aТОУНБ | ||
| 899 | _aБАН | ||
| 899 | _aBL | ||
| 899 | _aРГБ | ||
| 899 |
_aРГБИ _z(Кн.3) |
||
| 899 | _aЗНБ СГУ | ||
| 899 |
_aСамОУНБ _z(Кн.1-2) |
||
| 899 | _aНБ ПетрГУ | ||
| 899 |
_aКУНБ _z(Кн.1-2) |
||
| 899 | _aРГГУ | ||
| 899 |
_aСПбГУ _z(Кн.3) |
||
| 899 |
_aММП _z(Кн.3) |
||
| 899 | _aСГСПУ | ||
| 942 | _cBOOK | ||
| 980 | _aA1SV | ||
| 980 | _aNB | ||